Deutschland: Geografie mit T - Statistiken

Allgemein
  • Dieses Quiz wurde 652 mal gespielt
  • Das Durchschnittsergebnis liegt bei 8 aus 12
Antwortstatistiken
Hinweis Antwort % Korrekt
Alphabetisch letztes Bundesland Thüringen
99%
Eine der ältesten deutschen Städte, die vor mehr als 2000 Jahren als Augusta Treverorum gegründet wurde Trier
87%
Nenne einen der beiden nach Stadtteilen benannten ehemaligen Flughäfen in Berlin Tempelhof | Tegel
83%
Höhenzug bei Bielefeld und Osnabrück, zu dessen Sehenwürdigkeiten das Hermannsdenkmal und die Externsteine gehören {Teutoburger} Wald
77%
Oberbayerischer Kurort an der Isar, in dem Ottfried Fischer als "Bulle" ermittelte Bad {Tölz}
67%
Nebenfluss des Mains in Bayern und Baden-Württemberg, "ob" dem die Stadt Rothenburg liegt Tauber
66%
Wegen ihrer vielen Kneipen wird die Düsseldorfer Altstadt auch als die „längste _____ der Welt“ bezeichnet Theke
66%
Nordwestlich von Frankfurt am Main liegendes Mittelgebirge mit dem Großen Feldberg als höchster Erhebung Taunus
63%
Universitätsstadt, die von 1947 bis 1952 Landeshauptstadt von Württemberg-Hohenzollern war, bevor das Land in Baden-Württemberg aufging Tübingen
61%
See in den Bayerischen Alpen, an dessen Ufer die Gemeinde Rottach-Egern liegt Tegernsee
60%
Stadtteil von Lübeck mit großem Hafen, von dem aus Fähren nach Skandinavien ablegen Travemünde
45%
Zusammen mit der Nikolaikirche eine der beiden Hauptkirchen der Stadt Leipzig {Thomas}kirche
33%
Keine übereinstimmenden Quizze gefunden
Verteilung der Resultate
Anzahl Personen mit jedem Resultat
Perzentil nach korrekt beantworteten Fragen
Ihre Resultats-Entwicklung
Sie haben dieses Quiz noch nicht gespielt